| 000 | 00910nam a2200277 c 4500 | ||
|---|---|---|---|
| 999 |
_c160724 _d160724 |
||
| 003 | BLK | ||
| 005 | 20220225164912.0 | ||
| 008 | 180410b bul|||||r ||||||| ||bul|| | ||
| 010 | _aKNG00168007000 | ||
| 040 | _aBLK | ||
| 041 |
_aBUL _cBUL |
||
| 072 | 7 |
_2bullib _aК _xКраезнание |
|
| 080 |
_aБългарска литература _b821.163.2 _x-8 _z821.163.2-8 |
||
| 139 |
_aПред новия ден _bП 86 |
||
| 245 | 1 | 0 |
_aПред новия ден _bЛит. сборник |
| 257 | _aBGR | ||
| 260 |
_c1929 _fСофия : Посредник |
||
| 300 |
_a32 с. _c25 см |
||
| 380 | _aX | ||
| 659 | _aК | ||
| 852 | _aЦб 73241 | ||
| 852 | _aК 821.163.2/П 86 | ||
| 856 | 4 | _qpdf | |
| 856 | 4 | _qpdf | |
| 942 |
_cKNG _n0 _s1 |
||
| 944 |
_aCR _c28.11.2014 _l28.11.2014 - от С1,Р / 28.11.2014 _kНора_Радева |
||
| 944 |
_aED _c28.11.2014 _l28.11.2014 - от С1,Р / 28.11.2014 _kРенета_Константинова |
||
| 999 | _d160724 | ||
| 999 | _d160724 | ||